000 00649nam a2200229Ia 4500
003 OSt
005 20220926043130.0
006 a|||||r|||| 00| 0
007 ta
008 220923b |||||||| |||| 00| 0 eng d
037 _cGeneral Book
040 _aRTL
_cRTL
_beng
041 _2eng
_aeng
082 _aY33.3124.N6, K3
100 _aWilliams Gwyn A
_9108540
245 0 _aMedieval London
_b From commune to capital
260 _c1963
490 _aUniversity of London, Historical Studies, 11
650 _aUrban Sociology
_934088
942 _hY33.3124.N6, K3
_cGB
_2CC
999 _c671515
_d671515